000 00800nam a2200193 a 4500
001 57568
005 20180714053816.0
008 140415s2011 mx 000 0 eng d
020 _a9786078172023
041 _aeng
082 _a641.6384
_bCHI
245 0 0 _aCHILI :
_bA KEY FEATURE OF INDEPENDENCE AND THE REVOLUTION
250 _a1a ed.
260 _aMEXICO :
_bFUNDACION HERDEZ A.C.,
_c2011
300 _a539
_c18 x 1 x 17.8
490 _aCOL.PUEBLA
520 _aIN ORDER TO CELEBRATE THE BICENTENNIAL OF INDEPENDENCE AND THE CENTENNIAL OF THE MEXICAN REVOLUTION, THE HERDEZ FOUNDATION ORGANIZED A SERIES OF LECTURES ON CHILLI. A KEY FEACTURE OF INDEPENDENCE AND THE REVOLUTION THE TEXTS OF WHICH ARE INCLUDED IN THIS REPORT.
650 1 4 _aAJI
_xMEXICO
_xHISTORIA
_xAJI
_xCOCINA
999 _c57568
_d57568